Normal view
MARC view
- قصص مترجمة - الشيخ والبحر و ثلوج كليما نجارو
Entry Topical Term
001 - CONTROL NUMBER
- control field: 37131
003 - CONTROL NUMBER IDENTIFIER
- control field: JO-AjAnu
005 - DATE AND TIME OF LATEST TRANSACTION
- control field: 20230606080208.0
008 - FIXED-LENGTH DATA ELEMENTS
- fixed length control field: 230606|| aca||aabn | a|a d
040 ## - CATALOGING SOURCE
- Original cataloging agency: JO-AjAnu
- Transcribing agency: JO-AjAnu
150 ## - HEADING--TOPICAL TERM
- Topical term or geographic name entry element: قصص مترجمة - الشيخ والبحر و ثلوج كليما نجارو
670 ## - SOURCE DATA FOUND
- Source citation: Work cat.: (JO-AjAnu)19055: تأليف همنغواني، أرنست ؛ نقله إلى العربية منير البعلبكي, author 37130, الشيخ والبحر و ثلوج كليما نجارو للكاتب الأمريكي أرنست همنغواي